The complete guide to nutrition in primary care (Record no. 37991)
[ view plain ]
| 000 -LEADER | |
|---|---|
| fixed length control field | 02468nam a22003494a 4500 |
| 082 04 - DEWEY DECIMAL CLASSIFICATION NUMBER | |
| Classification number | 615.8/54 |
| 245 04 - TITLE STATEMENT | |
| Title | The complete guide to nutrition in primary care |
| 260 ## - PUBLICATION, DISTRIBUTION, ETC. (IMPRINT) | |
| Place of publication | Malden, Mass. : |
| Name of publisher | Blackwell Pub., |
| Year of publication | 2007. |
| 300 ## - PHYSICAL DESCRIPTION | |
| Number of Pages | xii, 449 p. : |
| Other physical details | ill. |
| 505 0# - FORMATTED CONTENTS NOTE | |
| Formatted contents note | Nutrition and the primary care clinician / Darwin Deen and Katherine Margo -- Changing the office culture to make it work / Arlo Kahn and Jane White -- Methods of weight control / Cathy Nonas, Jennifer Williams, and Valentine J. Burroughs -- Growing up healthy / Susan Konek and Diane Barsky -- Feeding the mother-to-be / James M. Nicholson, Catherine Sullivan and Morghan B. Holt -- Staying healthy in later life / Connie Watkins Bales and Heidi K. White -- Dyslipidemia, hypertension and metabolic syndrome / Frances Burke and Philippe Szapary -- Diabetes, pre-diabetes and hypglycemia / Marion J. Franz and Richard Wender -- Gastrointestinal disorders / Marianne Aloupis and Thomas Faust -- Everything else / Marion Vetter and Katherine Chauncey -- Vitamins / Randee Silverman and Jeremy Brauer -- Minerals / Randee Silverman and Jeremy Brauer -- Dietary and nutritional supplements / Joel S. Edman and Elizabeth Horvitz -- Considering the alternatives / Benjamin Kligler, Joel S. Edman, and Mary Beth Augustine -- It's all about changing behaviors / Darwin Deen and Alice Fornari -- Community counts / Kathryn M. Kolasa -- Cultural considerations / Kim M. Gans and Charles B. Eaton. |
| 650 #0 - SUBJECT ADDED ENTRY--TOPICAL TERM | |
| Topical Term | Diet therapy. |
| Topical Term | Nutrition. |
| 700 1# - ADDED ENTRY--PERSONAL NAME | |
| Personal name | Deen, Darwin. |
| Personal name | Hark, Lisa. |
| 856 40 - ELECTRONIC LOCATION AND ACCESS | |
| Uniform Resource Identifier | http://site.ebrary.com/lib/rucke/Doc?id=10232904 |
No items available.
